| 000 | 00518nam a2200193 a 4500 | ||
|---|---|---|---|
| 005 | 20140310183340.0 | ||
| 008 | 061115s19uu xx 00 eng d | ||
| 020 | _a0826479944 | ||
| 050 |
_aLC 4719.G7 _b.W67 2005 |
||
| 100 | _aWorth, Sarah | ||
| 245 |
_aAutistic spectrum disorders / _cSarah Worth. |
||
| 260 |
_aLondon : _bContinuum, _c2005. |
||
| 300 |
_a101 p. : _c20 cm. |
||
| 521 | _aEDU | ||
| 650 | _aAutism. | ||
| 650 |
_aAutistic children _xCare and treatment. |
||
| 942 |
_cBK _2lcc _kFOR |
||
| 999 |
_c21774 _d21774 |
||